| 000 | 00567nam a22002177a 4500 | ||
|---|---|---|---|
| 999 |
_c4148 _d4148 |
||
| 001 | 4148 | ||
| 003 | BD-JhCC | ||
| 005 | 20171123172042.0 | ||
| 008 | 171123s1965 pk ac||| |||| 000 0 eng d | ||
| 035 | _a(BD-JhCC)4148 | ||
| 040 |
_aBD-JhCC _dBD-JhCC |
||
| 041 | _aeng | ||
| 082 |
_a823.914 _bDIL 1965 |
||
| 100 | _aDil, Saeqa | ||
| 245 |
_aIf This and That / _cSaeqa Dil and Shaheen Dil |
||
| 260 |
_aLahore : _bPakistan International Publishers , _c1965. |
||
| 300 |
_a106 p. : _bill. ; _c26 cm. |
||
| 650 | _aChildren's Story | ||
| 942 |
_2ddc _cBK |
||